000 00481nam a22001697a 4500
005 20180820144736.0
008 160524b xxu||||| |||| 00| 0 eng d
020 _a0333-93245-5
041 _aeng
082 _b4507
_a658.4012
100 _aRamaswamy, V.S. & Namakumar , S.
_94829
245 _aStrategic Planing Formulations of Corporate Strategy:text and cases
260 _aNew Delhi
_bAcademic Faundation
_c2001
300 _a448p,
650 _aManagement
_9241
942 _cBK
999 _c1514
_d1513